000 00505nam a2200181Ia 4500
008 220216s9999 xx 000 0 und d
100 _aTupy J
245 0 _aPhysiology of RNA and proteins in the latex of Hevea
260 _bHevea 88: IRRDB, 2 August to 7 November 1988, Paris. pp.107-118.
650 _aCell-free translation
650 _aCytosolic proteins
650 _aEthylene
650 _aRNA
650 _aSucrose catabolism
700 _aGidrol X
700 _aLacrotte R
942 _cJS
999 _c65019
_d65019